|
|
|
|
| LEADER |
00000nam a22000007a 4500 |
| 005 |
2018042806146.0 |
| 007 |
cr|||| |||| |
| 008 |
180428s2017 br |||||s|||| 00||0 por d |
| 020 |
|
|
|a 978-85- 9597-006-9
|
| 035 |
|
|
|a 21529
|
| 040 |
|
|
|a vLex
|
| 090 |
|
|
|c 7832
|d 7832
|
| 100 |
1 |
|
|a Jimenez Cantisano, Pedro
|
| 245 |
1 |
0 |
|a Histr̤ia Oral do Supremo [1988-2013]
|h [Recurso electrn̤ico] :
|b Marco Aurľio /
|c Pedro Jimenez Cantisano, Thomaz Henrique Pereira, Michael Freitas Mohallem
|n Vol. 18
|
| 256 |
|
|
|a Servicio en ln̕ea
|
| 260 |
|
|
|a Rio de Janeiro:
|b FGV - Direito Rio,
|c 2017
|
| 300 |
|
|
|a 1 recurso electrn̤ico
|
| 490 |
|
0 |
|a FGV - Direito Rio. Coleȯ̂ Histr̤ia Oral do STF [1988-2013]
|
| 506 |
1 |
|
|a Disponible solo en los productos indicados
|d vLex Global
|d vLex Global (Academic Edition, excluding Law Schools)
|d vLex Global (U.S. Academic Edition, Law Schools)
|d vLex Global (U.S. Academic Edition, excluding Law Schools)
|d vLex Global (Academic Edition, Law Schools)
|
| 650 |
0 |
4 |
|a Derecho Civil
|z Brasil
|
| 650 |
0 |
4 |
|a Derecho Mercantil y de la Empresa
|z Brasil
|
| 650 |
0 |
4 |
|a Derecho Laboral y Seguridad Social
|z Brasil
|
| 650 |
0 |
4 |
|a Derecho Pb︢lico y Administrativo
|z Brasil
|
| 650 |
0 |
4 |
|a Derecho Constitucional
|z Brasil
|
| 700 |
1 |
|
|a Henrique Pereira, Thomaz
|
| 700 |
1 |
|
|a Freitas Mohallem, Michael
|
| 740 |
0 |
|
|a vLex Libros (Servicio en ln̕ea)
|
| 856 |
4 |
0 |
|u http://vlex.com/source/historia-oral-do-supremo-1988-2013-marco-aurelio-vol-18-21529
|z Acceso restringido
|
| 942 |
|
|
|c BOOK
|
| 999 |
0 |
|
|a Civil Law
|
| 999 |
0 |
|
|a Business and Company Law
|
| 999 |
0 |
|
|a Labor Law and Social Security
|
| 999 |
0 |
|
|a Public and Administrative Law
|
| 999 |
0 |
|
|a Constitutional Law
|